[Event "Muensterland Verbandsliga 1617"]
[Site "Germany"]
[Date "2016.10.01"]
[Round "2.8"]
[White "Kloster, Elisabeth"]
[Black "Puder, Reinhard"]
[Result "1-0"]
[WhiteElo "1738"]
[BlackElo "1594"]
[PlyCount "95"]
[EventDate "2016.09.10"]
[EventType "team"]
[EventRounds "9"]
[EventCountry "GER"]
[SourceTitle "EXT 2018"]
[Source "ChessBase"]
[SourceDate "2017.10.13"]
[SourceVersion "1"]
[SourceVersionDate "2017.10.13"]
[SourceQuality "1"]
[WhiteTeam "Heiden"]
[BlackTeam "Telgte"]
[WhiteTeamCountry "GER"]
[BlackTeamCountry "GER"]

1. e4 c6 2. d4 d5 3. Nc3 dxe4 4. Nxe4 Bf5 5. Nc5 Qc7 6. Bd3 Bxd3 7. Nxd3 e6 8. Nf3 Nd7 9. 0-0 Ngf6 10. Bf4 Bd6 11. Nfe5 Bxe5 12. Nxe5 Nxe5 13. Bxe5 Qe7 14. Qf3 0-0 15. Bxf6 Qxf6 16. Qxf6 gxf6 17. Rfe1 Rad8 18. c3 Kh8 19. Rad1 Rd5 20. f4 Rfd8 21. Re4 c5 22. Kf2 cxd4 23. Rexd4 Rxd4 24. Rxd4 Rxd4 25. cxd4 Kg7 26. Ke3 Kf8 27. Ke4 Ke7 28. g4 Kd6 29. h4 a6 30. a3 b6 31. h5 b5 32. b4 Ke7 33. d5 Kd6 34. dxe6 fxe6 35. g5 Ke7 36. Kd4 Kf7 37. Kc5 Ke7 38. g6 hxg6 39. hxg6 e5 40. fxe5 fxe5 41. Kd5 Kf6 42. g7 Kxg7 43. Kxe5 Kf7 44. Kd5 Ke7 45. Kc6 Ke6 46. Kb6 Kd6 47. Kxa6 Kc6 48. Ka5 1-0